00487nam a2200157Ia 4500008004100000082001500041100001500056245001500071260003300086300000700119630001500126730001500141942000900156999001900165952014500184100122s9999 xx 000 0 und d b53166a823 aBHANOT T R aROBIN HOOD bDREAMLAND PUBLICATIONSc1991 a24 aROBIN HOOD aROBIN HOOD cBOOK c376024d376021 00104070aSVPPARLEbSVPPARLEd1997-03-28g10.00l0o53166pSVPPARLE-53166r2010-01-25 00:00:00v10.00w2010-01-25yBOOKz", , General, NA"